[Event "AUT-ch Vor3 Internet"]
[Site "Playchess.com INT"]
[Date "2020.04.17"]
[Round "8"]
[White "Wiedermann, Daniel"]
[Black "Haas, Gerald"]
[Result "1-0"]
[WhiteElo "2048"]
[BlackElo "1906"]
[PlyCount "109"]
[EventDate "2020.04.17"]
[EventType "swiss (blitz)"]
[EventRounds "9"]
[EventCountry "AUT"]
[SourceTitle "CBM 195 Extra"]
[Source "ChessBase"]
[SourceDate "2020.05.31"]
[SourceVersion "1"]
[SourceVersionDate "2020.05.31"]
[SourceQuality "1"]

1. d4 d5 2. c4 e6 3. Nc3 Nf6 4. cxd5 exd5 5. Bg5 Be6 6. e3 Be7 7. Bd3 Nbd7 8. Nge2 a6 9. 0-0 0-0 10. Qc2 h6 11. Bh4 c5 12. Rad1 c4 13. Bf5 Bxf5 14. Qxf5 g6 15. Qh3 Kg7 16. f3 Nb6 17. Bg3 Nh5 18. Be5+ f6 19. Bg3 f5 20. Nf4 Nxf4 21. Bxf4 g5 22. Qg3 Kh7 23. Bc7 Qd7 24. Bxb6 f4 25. exf4 gxf4 26. Qg4 Qd6 27. Bc5 Qf6 28. Nxd5 Qg5 29. Nxe7 b6 30. Qxg5 hxg5 31. Bd6 Rad8 32. Be5 Rfe8 33. Nf5 Kg6 34. Nd6 Re6 35. Nxc4 b5 36. Na3 Kf5 37. Rfe1 Rh6 38. h3 Rd7 39. Nc2 Rf7 40. Nb4 g4 41. hxg4+ Kg5 42. Nd5 Rh4 43. Re4 Rfh7 44. Bf6+ Kg6 45. Bxh4 Rxh4 46. Nxf4+ Kg5 47. Nh3+ Kf6 48. d5 Rh8 49. d6 Rd8 50. d7 Kf7 51. Ng5+ Kf8 52. Ne6+ Ke7 53. Nxd8+ Kxd8 54. Re8+ Kc7 55. d8Q+ 1-0

[Event "AUT-ch Vor2 Internet"]
[Site "Playchess.com INT"]
[Date "2020.04.13"]
[Round "6"]
[White "Haas, Gerald"]
[Black "Ehs, Dominik"]
[Result "1/2-1/2"]
[WhiteElo "1906"]
[BlackElo "2070"]
[PlyCount "163"]
[EventDate "2020.04.13"]
[EventType "swiss (blitz)"]
[EventRounds "9"]
[EventCountry "AUT"]
[SourceTitle "CBM 195 Extra"]
[Source "ChessBase"]
[SourceDate "2020.05.31"]
[SourceVersion "1"]
[SourceVersionDate "2020.05.31"]
[SourceQuality "1"]

1. c4 Nf6 2. Nc3 g6 3. d4 d6 4. b3 Bg7 5. Bb2 0-0 6. Nf3 Nbd7 7. e4 e5 8. dxe5 dxe5 9. Qc2 c6 10. 0-0-0 Qe7 11. Kb1 Nc5 12. Be2 Nfxe4 13. Nxe4 Nxe4 14. Bd3 Nc5 15. Ka1 Nxd3 16. Qxd3 e4 17. Qe3 Bxb2+ 18. Kxb2 Qf6+ 19. Qd4 Qxd4+ 20. Nxd4 Bg4 21. Rde1 f5 22. f3 exf3 23. gxf3 Bh5 24. Rhg1 c5 25. Ne6 Rf7 26. f4 Re7 27. Nxc5 Rae8 28. Nd3 Bf3 29. Ne5 Be4 30. h4 Kg7 31. h5 Re6 32. hxg6 hxg6 33. Rg5 Rd8 34. Reg1 Rd2+ 35. Kc3 Rc2+ 36. Kb4 Rb6+ 37. Kc5 Rxa2 38. b4 Re6 39. Nxg6 b6+ 40. Kd4 Rd2+ 41. Kc3 Rd3+ 42. Kb2 Rd2+ 43. Ka1 Rg2 44. R1xg2 Bxg2 45. Nh4+ Kf7 46. Rxg2 Re1+ 47. Kb2 Re4 48. Nxf5 Rxf4 49. Nd6+ Ke6 50. Nc8 Rxc4 51. Nxa7 Rxb4+ 52. Ka3 Rb1 53. Rg7 b5 54. Ka2 Rb4 55. Nc6 Ra4+ 56. Kb3 Kd6 57. Nb4 Ra1 58. Kb2 Rf1 59. Nc2 Kc5 60. Rg5+ Kb6 61. Kc3 Rf3+ 62. Kd4 Ka5 63. Ne3 Rf2 64. Nd5 Rd2+ 65. Ke5 Re2+ 66. Kd6 Rd2 67. Rg8 b4 68. Ra8+ Kb5 69. Rb8+ Kc4 70. Rxb4+ Kd3 71. Kc5 Rc2+ 72. Kb5 Rc1 73. Nf4+ Ke3 74. Ng2+ Kf2 75. Nh4 Kg3 76. Nf5+ Kf3 77. Nd4+ Kg2 78. Nb3 Rf1 79. Nd2 Rf5+ 80. Kc4 Rf4+ 81. Kc3 Rxb4 82. Kxb4 1/2-1/2

[Event "AUT-ch Vor2 Internet"]
[Site "Playchess.com INT"]
[Date "2020.04.13"]
[Round "4"]
[White "Haas, Gerald"]
[Black "Riegler, Leonie"]
[Result "1-0"]
[WhiteElo "1906"]
[BlackElo "1579"]
[PlyCount "55"]
[EventDate "2020.04.13"]
[EventType "swiss (blitz)"]
[EventRounds "9"]
[EventCountry "AUT"]
[SourceTitle "CBM 195 Extra"]
[Source "ChessBase"]
[SourceDate "2020.05.31"]
[SourceVersion "1"]
[SourceVersionDate "2020.05.31"]
[SourceQuality "1"]

1. c4 c5 2. Nc3 e6 3. b3 Nf6 4. Bb2 d5 5. cxd5 exd5 6. d4 Nc6 7. e3 Bf5 8. Nf3 Bd6 9. Bd3 Ne4 10. Nxd5 Bg6 11. dxc5 Bxc5 12. Bxg7 Rg8 13. Bxe4 Bxe4 14. Nf6+ Ke7 15. Nxg8+ Qxg8 16. Bh6 Qxg2 17. Bg5+ Kf8 18. Bh6+ Ke8 19. Rg1 Qh3 20. Rg8+ Ke7 21. Rxa8 Bxf3 22. Bf8+ Kf6 23. Qc1 Bb4+ 24. Bxb4 Nxb4 25. Qc3+ Kg6 26. Rg8+ Kh6 27. Qf6+ Kh5 28. Qg5# 1-0

[Event "AUT-ch Vor2 Internet"]
[Site "Playchess.com INT"]
[Date "2020.04.13"]
[Round "1"]
[White "Janes, Christian"]
[Black "Haas, Gerald"]
[Result "1-0"]
[WhiteElo "1740"]
[BlackElo "1906"]
[PlyCount "83"]
[EventDate "2020.04.13"]
[EventType "swiss (blitz)"]
[EventRounds "9"]
[EventCountry "AUT"]
[SourceTitle "CBM 195 Extra"]
[Source "ChessBase"]
[SourceDate "2020.05.31"]
[SourceVersion "1"]
[SourceVersionDate "2020.05.31"]
[SourceQuality "1"]

1. e4 c5 2. Nf3 Nc6 3. c3 e5 4. Bb5 d6 5. d4 Bd7 6. dxc5 dxc5 7. 0-0 f6 8. Be3 a6 9. Bc4 b6 10. Bd5 Nge7 11. c4 Nxd5 12. cxd5 Nd4 13. Bxd4 exd4 14. Re1 Bg4 15. Nbd2 Bd6 16. b4 c4 17. h3 c3 18. Nc4 Bxf3 19. Qxf3 0-0 20. a3 Be5 21. Qd3 Rc8 22. a4 b5 23. axb5 axb5 24. Na5 c2 25. Nc6 Qd6 26. Qxc2 d3 27. Qd2 Bxa1 28. Rxa1 f5 29. e5 Qd7 30. Ra7 Rc7 31. Rxc7 Qxc7 32. e6 Qd6 33. Qxd3 Rc8 34. Qxf5 Rf8 35. Qb1 Kh8 36. e7 Re8 37. Qe4 Qd7 38. Qe5 h6 39. g4 Kh7 40. Kg2 Rg8 41. Qf5+ Kh8 42. Qxd7 1-0

[Event "Hoersching op 1st"]
[Site "Hoersching"]
[Date "2013.03.28"]
[Round "7"]
[White "Haas, Gerald"]
[Black "Dumancic, Pero"]
[Result "1/2-1/2"]
[WhiteElo "1823"]
[BlackElo "2082"]
[PlyCount "45"]
[EventDate "2013.03.22"]
[EventType "swiss"]
[EventRounds "7"]
[EventCountry "AUT"]
[SourceTitle "CBM 153 Extra"]
[Source "ChessBase"]
[SourceDate "2013.04.22"]
[SourceVersion "1"]
[SourceVersionDate "2013.04.22"]
[SourceQuality "1"]

1. c4 e5 2. Nc3 Nf6 3. g3 c6 4. Nf3 d6 5. Bg2 Be7 6. d3 h6 7. Bd2 Be6 8. b3 Nbd7 9. Qc2 d5 10. e3 e4 11. dxe4 dxc4 12. Nd4 cxb3 13. axb3 Bg4 14. h3 Bh5 15. f4 Bg6 16. 0-0 Bb4 17. Rad1 Qe7 18. Nf5 Bxf5 19. exf5 0-0 20. Ne4 Bxd2 21. Rxd2 Nxe4 22. Qxe4 Qxe4 23. Bxe4 1/2-1/2

[Event "Hoersching op 1st"]
[Site "Hoersching"]
[Date "2013.03.26"]
[Round "5"]
[White "Huliak, Peter"]
[Black "Haas, Gerald"]
[Result "0-1"]
[WhiteElo "1927"]
[BlackElo "1823"]
[PlyCount "70"]
[EventDate "2013.03.22"]
[EventType "swiss"]
[EventRounds "7"]
[EventCountry "AUT"]
[SourceTitle "CBM 153 Extra"]
[Source "ChessBase"]
[SourceDate "2013.04.22"]
[SourceVersion "1"]
[SourceVersionDate "2013.04.22"]
[SourceQuality "1"]

1. e4 c5 2. Nc3 Nc6 3. f4 g6 4. Bc4 Bg7 5. Nf3 e6 6. d3 Nge7 7. f5 d5 8. exd5 Bxc3+ 9. bxc3 exd5 10. fxg6 hxg6 11. Bb5 Qd6 12. Bxc6+ bxc6 13. Rf1 Bg4 14. h3 Qg3+ 15. Rf2 Nf5 16. Qe2+ Kf8 17. Ba3 Re8 18. Qxe8+ Kxe8 19. hxg4 Rh1+ 20. Ke2 Rxa1 21. gxf5 Rxa2 22. Bxc5 Rxc2+ 23. Ke1 Rxf2 24. Bxf2 Qb8 25. fxg6 fxg6 26. Bd4 a5 27. Nd2 a4 28. c4 Qf4 29. Nf3 dxc4 30. dxc4 Qc1+ 31. Kf2 Qxc4 32. Ke3 c5 33. Be5 a3 34. Nd2 Qe6 35. Kf4 Qf5+ 0-1